[Event "EU Corporate-ch"]
[Site "Rotterdam"]
[Date "2022.06.19"]
[Round "8"]
[White "Burstein, Almog"]
[Black "Wisniewski, Jacek"]
[Result "1-0"]
[WhiteElo "1829"]
[BlackElo "1850"]
[PlyCount "49"]
[EventDate "2022.06.18"]
[EventType "team-tourn (rapid)"]
[EventRounds "9"]
[EventCountry "NED"]
[SourceTitle "EXT 2023"]
[Source "ChessBase"]
[SourceDate "2022.10.05"]
[SourceVersion "1"]
[SourceVersionDate "2022.10.05"]
[SourceQuality "1"]

1. e4 c5 2. Nf3 d6 3. d4 cxd4 4. Nxd4 Nf6 5. Nc3 a6 6. Bg5 Nbd7 7. Bd3 b5 8. a3 Bb7 9. 0-0 e6 10. Kh1 Be7 11. f4 Qb6 12. Nb3 0-0 13. Qe2 Qc7 14. Rae1 Nc5 15. e5 dxe5 16. fxe5 Nd5 17. Nxd5 Bxd5 18. Nxc5 Bxg5 19. Ne4 Qxe5 20. Qh5 Bxe4 21. Rxe4 Qd5 22. Rd4 g6 23. Rxd5 gxh5 24. Rxg5+ Kh8 25. Rxh5 1-0

[Event "EU Corporate-ch"]
[Site "Rotterdam"]
[Date "2022.06.19"]
[Round "7"]
[White "Hol, Camile"]
[Black "Wisniewski, Jacek"]
[Result "1-0"]
[WhiteElo "2000"]
[BlackElo "1850"]
[PlyCount "55"]
[EventDate "2022.06.18"]
[EventType "team-tourn (rapid)"]
[EventRounds "9"]
[EventCountry "NED"]
[SourceTitle "EXT 2023"]
[Source "ChessBase"]
[SourceDate "2022.10.05"]
[SourceVersion "1"]
[SourceVersionDate "2022.10.05"]
[SourceQuality "1"]

1. e4 e5 2. Nf3 Nc6 3. Bc4 Nf6 4. d3 h6 5. c3 g6 6. 0-0 Bg7 7. Re1 0-0 8. Nbd2 a6 9. a4 d5 10. exd5 Nxd5 11. Nf1 Kh7 12. Ne3 Nb6 13. Bb3 f5 14. a5 Nd7 15. Nc4 Nc5 16. Ncxe5 Nxe5 17. Nxe5 Nxb3 18. Qxb3 Re8 19. Qf7 Re6 20. d4 Qd6 21. Bf4 Re7 22. Qb3 c5 23. Nd3 Qd8 24. Rxe7 Qxe7 25. Re1 Qd8 26. Nxc5 Qxa5 27. Qf7 b6 28. Be5 1-0

[Event "EU Corporate-ch"]
[Site "Rotterdam"]
[Date "2022.06.19"]
[Round "9"]
[White "Wisniewski, Jacek"]
[Black "Melaugh, Shanemelaugh"]
[Result "1/2-1/2"]
[WhiteElo "1850"]
[BlackElo "2087"]
[PlyCount "113"]
[EventDate "2022.06.18"]
[EventType "team-tourn (rapid)"]
[EventRounds "9"]
[EventCountry "NED"]
[SourceTitle "EXT 2023"]
[Source "ChessBase"]
[SourceDate "2022.10.05"]
[SourceVersion "1"]
[SourceVersionDate "2022.10.05"]
[SourceQuality "1"]

1. e4 e6 2. d4 d5 3. Nd2 dxe4 4. Nxe4 Nf6 5. Bd3 Nbd7 6. Qe2 Be7 7. Nf3 b6 8. Bd2 Bb7 9. 0-0-0 a5 10. Ne5 0-0 11. h4 a4 12. Bg5 Nd5 13. Qh5 g6 14. Qh6 N5f6 15. Nxd7 Nxd7 16. h5 Bxe4 17. Bxe7 Qxe7 18. Bxe4 Ra5 19. hxg6 fxg6 20. Bxg6 Qg5+ 21. Qxg5 Rxg5 22. Bxh7+ Kg7 23. Be4 Nf6 24. Bf3 Nd5 25. Rh4 Rff5 26. Rdh1 Nf6 27. c3 Kf7 28. Rh8 a3 29. bxa3 Ra5 30. Kb2 Rgb5+ 31. Kc2 Rxa3 32. Rc8 Rxa2+ 33. Kd3 c5 34. Rc7+ Kg6 35. Re1 cxd4 36. Kxd4 Kf5 37. g4+ Nxg4 38. Bxg4+ Kxg4 39. Rxe6 Rxf2 40. Rg6+ Kf5 41. Rf7+ Kxg6 42. Rxf2 Rc5 43. Rb2 Rc6 44. c4 Kf6 45. Kd5 Rc5+ 46. Kd4 Rc6 47. Re2 Rd6+ 48. Kc3 Re6 49. Rd2 Ke7 50. Kb4 Rd6 51. Rh2 Rc6 52. Rh5 Kd6 53. Kb5 Rc5+ 54. Rxc5 bxc5 55. Kb6 Kd7 56. Kxc5 Kc7 57. Kd5 1/2-1/2

[Event "Rubinstein Memorial-C 54th"]
[Site "Polanica Zdroj"]
[Date "2018.08.20"]
[Round "3"]
[White "Trzebinski, Patryk"]
[Black "Wisniewski, Jacek"]
[Result "1-0"]
[WhiteElo "1629"]
[BlackElo "1890"]
[PlyCount "81"]
[EventDate "2018.08.18"]
[EventType "swiss"]
[EventRounds "9"]
[EventCountry "POL"]
[SourceTitle "EXT 2020"]
[Source "ChessBase"]
[SourceDate "2019.10.17"]
[SourceVersion "1"]
[SourceVersionDate "2019.10.17"]
[SourceQuality "1"]

1. e4 e5 2. Nf3 Nc6 3. Bc4 Nf6 4. d3 h6 5. Be3 g6 6. Qd2 Bg7 7. Nc3 Ng4 8. 0-0-0 Nxe3 9. fxe3 d6 10. Rdf1 0-0 11. Qf2 Na5 12. Nd2 Nxc4 13. Nxc4 Be6 14. Nd2 c6 15. h4 b5 16. h5 g5 17. Ne2 f5 18. exf5 Bxf5 19. Qg1 Qa5 20. a3 b4 21. Nc4 Qc7 22. axb4 d5 23. Na5 Rab8 24. g4 Be6 25. Nb3 Rxb4 26. Rxf8+ Bxf8 27. d4 Qb6 28. Qg3 Bd6 29. dxe5 Rxg4 30. Qf3 Bxe5 31. Rf1 Kh7 32. Ned4 c5 33. Nxe6 Qxe6 34. Nxc5 Qc8 35. Qf7+ Kh8 36. Qe7 Bg7 37. Ne6 Qg8 38. Nxg7 Re4 39. Qd7 Rxe3 40. Nf5 Re6 41. Ne7 1-0

[Event "Baltic Cup-B 1st"]
[Site "Darlowko"]
[Date "2017.06.26"]
[Round "3"]
[White "Kruczynski, Marek"]
[Black "Wisniewski, Jacek"]
[Result "1/2-1/2"]
[WhiteElo "1760"]
[BlackElo "1951"]
[PlyCount "47"]
[EventDate "2017.06.25"]
[EventType "swiss"]
[EventRounds "9"]
[EventCountry "POL"]
[SourceTitle "EXT 2019"]
[Source "ChessBase"]
[SourceDate "2018.10.10"]
[SourceVersion "1"]
[SourceVersionDate "2018.10.10"]
[SourceQuality "1"]

1. e4 e5 2. Nc3 Nf6 3. Bc4 Nc6 4. d3 h6 5. Nge2 Bc5 6. 0-0 d6 7. Na4 Bb6 8. Nxb6 axb6 9. f4 Na5 10. Nc3 Nxc4 11. dxc4 0-0 12. f5 Bd7 13. Qf3 Qe8 14. g4 b5 15. Nd5 Qd8 16. g5 Nxd5 17. gxh6 Nf4 18. hxg7 Kxg7 19. Bxf4 exf4 20. Qg4+ Kf6 21. Qh4+ Kg7 22. Qg4+ Kf6 23. Qh4+ Kg7 24. Qg4+ 1/2-1/2

[Event "Baltic Cup-B 1st"]
[Site "Darlowko"]
[Date "2017.06.25"]
[Round "1"]
[White "Kindler, Karolina"]
[Black "Wisniewski, Jacek"]
[Result "1/2-1/2"]
[WhiteElo "1689"]
[BlackElo "1951"]
[PlyCount "60"]
[EventDate "2017.06.25"]
[EventType "swiss"]
[EventRounds "9"]
[EventCountry "POL"]
[SourceTitle "EXT 2019"]
[Source "ChessBase"]
[SourceDate "2018.10.10"]
[SourceVersion "1"]
[SourceVersionDate "2018.10.10"]
[SourceQuality "1"]

1. Nf3 d5 2. b3 c5 3. e3 Nf6 4. Bb2 e6 5. d3 Nc6 6. c4 Be7 7. Be2 0-0 8. 0-0 b6 9. Nbd2 Bb7 10. Re1 Qc7 11. a3 Rfd8 12. Qc2 Rac8 13. Rac1 Qb8 14. Qb1 Ne8 15. Qa1 Bf6 16. Bxf6 Nxf6 17. d4 dxc4 18. bxc4 cxd4 19. exd4 Qf4 20. Nb3 Ne7 21. Red1 Nf5 22. Qb2 Nh4 23. Nxh4 Qxh4 24. Qd2 Ng4 25. Qf4 h5 26. Rd3 Qf6 27. Qxf6 Nxf6 28. Bf3 Bxf3 29. Rxf3 Kf8 30. h3 Rc7 1/2-1/2

[Event "Bialystok Zamenhof Memorial 35th"]
[Site "Bialystok"]
[Date "2016.12.29"]
[Round "6"]
[White "Wisniewski, Jacek"]
[Black "Sroka, Janusz"]
[Result "0-1"]
[WhiteElo "1878"]
[BlackElo "2045"]
[PlyCount "82"]
[EventDate "2016.12.27"]
[EventType "swiss (rapid)"]
[EventRounds "9"]
[EventCountry "POL"]
[SourceTitle "CBM 176 Extra"]
[Source "ChessBase"]
[SourceDate "2017.03.02"]
[SourceVersion "1"]
[SourceVersionDate "2017.03.02"]
[SourceQuality "1"]

1. e4 d6 2. d4 Nf6 3. Nc3 Nbd7 4. Nf3 e5 5. Bc4 Be7 6. 0-0 0-0 7. h3 c6 8. a4 a5 9. Re1 exd4 10. Nxd4 Nc5 11. Ba2 Re8 12. Bf4 Bf8 13. Qf3 Ncd7 14. Rad1 Qc7 15. g4 Ne5 16. Qg3 g6 17. Nf3 h6 18. Nd4 Bg7 19. Bc1 Ned7 20. Bf4 Ne5 21. Bb3 Nfd7 22. Bc1 Nc5 23. Ba2 Ne6 24. Nxe6 Bxe6 25. Bxe6 fxe6 26. f4 Nf7 27. Kg2 d5 28. exd5 exd5 29. Rxe8+ Rxe8 30. Re1 Qd7 31. Bd2 b6 32. Rxe8+ Qxe8 33. Qe1 Qd7 34. b3 Nd6 35. Qe2 Kf7 36. Kf3 Qb7 37. Qd3 Bxc3 38. Bxc3 d4 39. Bd2 c5+ 40. Kg3 Qh1 41. Qf3 Ne4+ 0-1

[Event "POL-chT U19 2nd League"]
[Site "Iwonicz"]
[Date "2016.07.31"]
[Round "11.13"]
[White "Adamczewski, Maciej"]
[Black "Wisniewski, Jacek"]
[Result "1/2-1/2"]
[WhiteElo "1979"]
[BlackElo "1989"]
[PlyCount "104"]
[EventDate "2016.07.23"]
[EventType "team-swiss"]
[EventRounds "11"]
[EventCountry "POL"]
[SourceTitle "EXT 2019"]
[Source "ChessBase"]
[SourceDate "2018.10.10"]
[SourceVersion "1"]
[SourceVersionDate "2018.10.10"]
[SourceQuality "1"]
[WhiteTeam "Kalisz KTS U19"]
[BlackTeam "Chylice KS Laura U19 II"]
[WhiteTeamCountry "POL"]
[BlackTeamCountry "POL"]

1. d4 d5 2. c4 Nc6 3. Nf3 Bg4 4. e3 e5 5. dxe5 dxc4 6. Qxd8+ Rxd8 7. Bxc4 Nxe5 8. Be2 Nxf3+ 9. Bxf3 Bxf3 10. gxf3 Bb4+ 11. Bd2 Bxd2+ 12. Nxd2 Ne7 13. Nb3 b6 14. Ke2 c5 15. Rad1 Nc6 16. a3 Ke7 17. f4 Rxd1 18. Rxd1 Rd8 19. Rg1 g6 20. Nd2 b5 21. Rg5 f5 22. h4 c4 23. h5 Kf6 24. hxg6 hxg6 25. Rg1 Na5 26. Nf3 Nb3 27. Rh1 Kg7 28. Rg1 a5 29. Rd1 Rxd1 30. Kxd1 Kf6 31. Kc2 Nc5 32. Nd4 b4 33. Nc6 bxa3 34. bxa3 a4 35. Na5 Ke6 36. Nxc4 Kd5 37. Nd2 Ne4 38. f3 Nd6 39. Kd3 Nb5 40. Nc4 Kc5 41. e4 Nd4 42. Ne5 Nb5 43. Nxg6 Nxa3 44. exf5 Kd6 45. Ne5 Ke7 46. Nc6+ Kf6 47. Nd4 Nb1 48. Kc2 Na3+ 49. Kc3 Nb1+ 50. Kb4 Nd2 51. Kxa4 Nxf3 52. Nxf3 Kxf5 1/2-1/2

[Event "POL-chT U19 2nd League"]
[Site "Iwonicz"]
[Date "2016.07.31"]
[Round "5.19"]
[White "Wisniewski, Jacek"]
[Black "Brozyna, Mateusz"]
[Result "1/2-1/2"]
[WhiteElo "1989"]
[BlackElo "1831"]
[PlyCount "83"]
[EventDate "2016.07.23"]
[EventType "team-swiss"]
[EventRounds "11"]
[EventCountry "POL"]
[SourceTitle "EXT 2019"]
[Source "ChessBase"]
[SourceDate "2018.10.10"]
[SourceVersion "1"]
[SourceVersionDate "2018.10.10"]
[SourceQuality "1"]
[WhiteTeam "Chylice KS Laura U19 II"]
[BlackTeam "Myslenice MAT U20"]
[WhiteTeamCountry "POL"]
[BlackTeamCountry "POL"]

1. e4 c5 2. Nf3 e6 3. d4 cxd4 4. Nxd4 Nf6 5. Nc3 d6 6. g4 e5 7. Bb5+ Bd7 8. Bxd7+ Qxd7 9. Nf5 h5 10. f3 hxg4 11. fxg4 Nc6 12. Bg5 Nh7 13. Bh4 g6 14. Ne3 Be7 15. Bxe7 Qxe7 16. h4 0-0-0 17. Qd3 Nf6 18. 0-0-0 Qe6 19. g5 Ng4 20. Rdf1 Nxe3 21. Qxe3 Kb8 22. Nd5 Ne7 23. Nxe7 Qxe7 24. Qb3 Rxh4 25. Rxh4 Qxg5+ 26. Rhf4 exf4 27. Qxf7 d5 28. Qxf4+ Qxf4+ 29. Rxf4 dxe4 30. Rxe4 Rd6 31. Re7 a6 32. c4 Ka7 33. Kc2 Kb6 34. Kc3 Kc6 35. Rg7 a5 36. b4 axb4+ 37. Kxb4 Rf6 38. a4 b6 39. Ra7 Rf1 40. Rg7 Rf6 41. Ra7 Rf1 42. Rg7 1/2-1/2

[Event "Lazy op 12th"]
[Site "Lazy"]
[Date "2016.06.27"]
[Round "2"]
[White "Wisniewski, Jacek"]
[Black "Godzwon, Iwo"]
[Result "1/2-1/2"]
[WhiteElo "1989"]
[BlackElo "1884"]
[PlyCount "79"]
[EventDate "2016.06.26"]
[EventType "swiss"]
[EventRounds "9"]
[EventCountry "POL"]
[SourceTitle "CBM 173 Extra"]
[Source "ChessBase"]
[SourceDate "2016.08.29"]
[SourceVersion "1"]
[SourceVersionDate "2016.08.29"]
[SourceQuality "1"]

1. d4 Nf6 2. Nf3 g6 3. g3 Bg7 4. Bg2 d5 5. 0-0 0-0 6. c4 c6 7. Nc3 Bf5 8. Qb3 Qb6 9. c5 Qxb3 10. axb3 Na6 11. Ne5 Ne4 12. Nxc6 bxc6 13. Rxa6 Bxd4 14. Rxc6 Bxc3 15. Bxe4 Bxe4 16. bxc3 d4 17. Rc7 dxc3 18. Rxe7 Bd5 19. Re3 Bxb3 20. Rxc3 Be6 21. c6 Rfc8 22. Ba3 a5 23. Rb1 a4 24. Rb4 Ra7 25. Rb7 Raa8 26. f3 Kg7 27. Kf2 Rab8 28. Bd6 Ra8 29. c7 Ra6 30. Ba3 f6 31. Rb8 Kf7 32. e4 Ra7 33. Rxc8 Bxc8 34. Ke3 Ke8 35. Rc6 Ra6 36. Rc4 Kd7 37. Kd4 Rc6 38. Rxa4 Rxc7 39. Bc5 Ke6 40. Ra7 1/2-1/2

[Event "Lazy op 12th"]
[Site "Lazy"]
[Date "2016.06.26"]
[Round "1"]
[White "Juhnke, Juergen"]
[Black "Wisniewski, Jacek"]
[Result "1-0"]
[WhiteElo "2219"]
[BlackElo "1989"]
[PlyCount "83"]
[EventDate "2016.06.26"]
[EventType "swiss"]
[EventRounds "9"]
[EventCountry "POL"]
[SourceTitle "CBM 173 Extra"]
[Source "ChessBase"]
[SourceDate "2016.08.29"]
[SourceVersion "1"]
[SourceVersionDate "2016.08.29"]
[SourceQuality "1"]

1. e4 e5 2. Nf3 Nf6 3. d4 Nxe4 4. Bd3 d5 5. dxe5 Be7 6. 0-0 0-0 7. c4 Bf5 8. Nc3 Nxc3 9. bxc3 Be6 10. Nd4 Bc8 11. Qh5 g6 12. Qe2 c5 13. Nf3 Be6 14. Rb1 Qc7 15. Ng5 Nc6 16. Re1 Rfe8 17. Nxh7 dxc4 18. Bc2 Qxe5 19. Qxe5 Nxe5 20. Ng5 Bxg5 21. Bxg5 Nd3 22. Re3 b6 23. Ba4 Rec8 24. f3 Rab8 25. Bb5 Kg7 26. Be7 Ra8 27. Ba6 Re8 28. Bd6 Bd5 29. Rxe8 Rxe8 30. Kf1 Kf6 31. Rd1 Kg5 32. Bg3 f5 33. Bb5 Ra8 34. f4+ Kg4 35. Ba4 Be4 36. Rd2 Nxf4 37. Bd1+ Kg5 38. h4+ Kf6 39. Bxf4 Bd3+ 40. Be2 Bxe2+ 41. Kxe2 Re8+ 42. Kf2 1-0

[Event "Warsaw YMCA Autumn-B 160th"]
[Site "Warsaw"]
[Date "2015.11.19"]
[Round "9"]
[White "Kasperkiewicz, Pawel"]
[Black "Wisniewski, Jacek"]
[Result "0-1"]
[WhiteElo "1905"]
[BlackElo "1736"]
[PlyCount "54"]
[EventDate "2015.09.24"]
[EventType "tourn"]
[EventRounds "13"]
[EventCountry "POL"]
[SourceTitle "EXT 2019"]
[Source "ChessBase"]
[SourceDate "2018.10.10"]
[SourceVersion "1"]
[SourceVersionDate "2018.10.10"]
[SourceQuality "1"]

1. e4 e5 2. Nf3 Nf6 3. Nxe5 d6 4. Nf3 Nxe4 5. d4 d5 6. Bd3 Nd6 7. 0-0 Be7 8. b3 0-0 9. c4 c6 10. Qc2 g6 11. Nc3 Nf5 12. Re1 Bf6 13. Ba3 Re8 14. Rxe8+ Qxe8 15. Re1 Qd8 16. cxd5 Nxd4 17. Ne4 Nxf3+ 18. gxf3 Bg7 19. Bb2 Nd7 20. Bxg7 Kxg7 21. Qc3+ f6 22. Nd6 Ne5 23. Rxe5 Qxd6 24. Re8 Bh3 25. Rxa8 Qf4 26. Bf1 Qg5+ 27. Kh1 Bxf1 0-1

[Event "Warsaw YMCA Autumn-B 160th"]
[Site "Warsaw"]
[Date "2015.10.02"]
[Round "4"]
[White "Wisniewski, Jacek"]
[Black "Barc, Michal"]
[Result "1-0"]
[WhiteElo "1736"]
[BlackElo "1838"]
[PlyCount "109"]
[EventDate "2015.09.24"]
[EventType "tourn"]
[EventRounds "13"]
[EventCountry "POL"]
[SourceTitle "EXT 2019"]
[Source "ChessBase"]
[SourceDate "2018.10.10"]
[SourceVersion "1"]
[SourceVersionDate "2018.10.10"]
[SourceQuality "1"]

1. e4 d6 2. d4 Nf6 3. Nc3 c6 4. Nf3 g6 5. Be3 Bg7 6. Qd2 b5 7. Bd3 0-0 8. Bh6 Nbd7 9. h4 e5 10. h5 Bxh6 11. Qxh6 Ng4 12. Qd2 exd4 13. Nxd4 Qb6 14. Be2 Ngf6 15. hxg6 fxg6 16. 0-0-0 Nc5 17. Qh6 Rf7 18. e5 dxe5 19. Nxc6 Bf5 20. Bxb5 a6 21. Nxe5 axb5 22. Nxf7 Qc7 23. Nd6 b4 24. Nxf5 bxc3 25. bxc3 Qa7 26. Rd6 Nce4 27. Ra6 gxf5 28. Rxf6 Qa3+ 29. Kd1 Rd8+ 30. Ke2 Rd2+ 31. Qxd2 Nxd2 32. Kxd2 Qe7 33. Rfh6 Qg5+ 34. Ke2 Qxg2 35. R1h4 Qd5 36. Rxh7 f4 37. R7h5 Qe4+ 38. Kd2 Qa4 39. Rg5+ Kf7 40. Rf5+ Ke6 41. Rfxf4 Qxa2 42. Re4+ Kf5 43. Rhf4+ Kg5 44. Rc4 Qa5 45. Rfd4 Kf6 46. f4 Qb6 47. Rb4 Qc6 48. Rdc4 Qf3 49. Kc1 Qh1+ 50. Kb2 Qf3 51. Rb6+ Ke7 52. Rc7+ Kd8 53. Rf7 Ke8 54. Rbb7 Qd5 55. Rh7 1-0

[Event "POL-chT 2nd League"]
[Site "Jastrzebia Gora"]
[Date "2015.09.10"]
[Round "6.41"]
[White "Pietocha, Pawel"]
[Black "Wisniewski, Jacek"]
[Result "1/2-1/2"]
[WhiteElo "2077"]
[BlackElo "1736"]
[PlyCount "81"]
[EventDate "2015.09.05"]
[EventType "team-swiss"]
[EventRounds "9"]
[EventCountry "POL"]
[SourceTitle "EXT 2017"]
[Source "ChessBase"]
[SourceDate "2016.10.25"]
[SourceVersion "1"]
[SourceVersionDate "2016.10.25"]
[SourceQuality "1"]
[WhiteTeam "Gostynin Gostmat 83"]
[BlackTeam "Chylice KS Laura"]
[WhiteTeamCountry "POL"]
[BlackTeamCountry "POL"]

1. e4 c5 2. c3 d5 3. exd5 Qxd5 4. d4 cxd4 5. cxd4 Nc6 6. Nf3 e5 7. Nc3 Bb4 8. Bd2 Bxc3 9. Bxc3 e4 10. Ne5 Nxe5 11. dxe5 Ne7 12. Qh5 0-0 13. Rd1 Qxa2 14. Bb4 Qe6 15. Qh4 Ng6 16. Qxe4 Re8 17. f4 Bd7 18. Bc4 Bc6 19. Bxe6 Bxe4 20. Bd7 Bxg2 21. Rg1 Bf3 22. Rd6 Red8 23. Kf2 Bc6 24. Bxc6 bxc6 25. Ke3 Rab8 26. Rxd8+ Rxd8 27. Rf1 f6 28. Bd6 Kf7 29. Rc1 fxe5 30. fxe5 Ke6 31. Ke4 Rc8 32. Ra1 Ra8 33. Ra6 Ne7 34. Bxe7 Kxe7 35. Rxc6 Rb8 36. Rc7+ Ke6 37. Rxa7 Rxb2 38. Rxg7 Rxh2 39. Kf4 Rh4+ 40. Kg3 Rh5 41. Kf4 1/2-1/2

[Event "POL-chT U19 1st League"]
[Site "Ustron"]
[Date "2015.07.25"]
[Round "1.14"]
[White "Golenia, Jan"]
[Black "Wisniewski, Jacek"]
[Result "1-0"]
[WhiteElo "1792"]
[BlackElo "1841"]
[PlyCount "53"]
[EventDate "2015.07.25"]
[EventType "team-tourn"]
[EventRounds "9"]
[EventCountry "POL"]
[SourceTitle "EXT 2018"]
[Source "ChessBase"]
[SourceDate "2017.10.13"]
[SourceVersion "1"]
[SourceVersionDate "2017.10.13"]
[SourceQuality "1"]
[WhiteTeam "Wieliczka MKS MOS U19 II"]
[BlackTeam "Chylice KS Laura U19"]
[WhiteTeamCountry "POL"]
[BlackTeamCountry "POL"]

1. Nf3 d5 2. d4 Bf5 3. Bf4 e6 4. e3 Nf6 5. Nbd2 Be7 6. c3 Nh5 7. Bg3 Nxg3 8. hxg3 h6 9. Qb3 Qc8 10. Be2 0-0 11. Ne5 c6 12. g4 Bh7 13. f4 Nd7 14. Ndf3 f6 15. Nd3 c5 16. Nf2 c4 17. Qd1 b5 18. Qd2 Rb8 19. Bd1 Qc7 20. Bc2 Bxc2 21. Qxc2 e5 22. Qf5 Qc6 23. Rxh6 gxh6 24. Qg6+ Kh8 25. Qxh6+ Kg8 26. Qg6+ Kh8 27. Ke2 1-0

[Event "POL-ch U16"]
[Site "Karpacz"]
[Date "2015.03.22"]
[Round "9"]
[White "Wisniewski, Jacek"]
[Black "Oleszek, Maciej"]
[Result "0-1"]
[WhiteElo "1775"]
[BlackElo "1788"]
[PlyCount "74"]
[EventDate "2015.03.15"]
[EventType "swiss"]
[EventRounds "9"]
[EventCountry "POL"]
[SourceTitle "EXT 2017"]
[Source "ChessBase"]
[SourceDate "2016.10.25"]
[SourceVersion "1"]
[SourceVersionDate "2016.10.25"]
[SourceQuality "1"]

1. e4 c5 2. Nf3 d6 3. d4 cxd4 4. Qxd4 Nd7 5. Bb5 Ngf6 6. Nc3 e5 7. Qd3 h6 8. 0-0 Be7 9. b3 0-0 10. Ba3 Qa5 11. Bxd7 Bxd7 12. Bb2 Rac8 13. Rfd1 Rc6 14. Ne2 b5 15. a4 b4 16. c4 bxc3 17. Nxc3 Be6 18. Nd2 Qb4 19. Nb5 a6 20. Ba3 Qa5 21. Bxd6 Bxd6 22. Nxd6 Rd8 23. N2c4 Qc7 24. Qe3 Rcxd6 25. Nxd6 Rxd6 26. Rxd6 Qxd6 27. f3 Qb4 28. Rb1 Nd7 29. Qd3 Nc5 30. Qd6 Qd4+ 31. Qxd4 exd4 32. b4 Nxa4 33. Rd1 Nc3 34. Rd2 Bc4 35. Kf2 d3 36. Ke3 Bb5 37. Rb2 Nd1+ 0-1

[Event "Mazowiec-chT 1415"]
[Site "Warsaw"]
[Date "2015.02.15"]
[Round "5.3"]
[White "Pajak, Jakub Lech"]
[Black "Wisniewski, Jacek"]
[Result "1/2-1/2"]
[WhiteElo "1774"]
[BlackElo "1789"]
[PlyCount "69"]
[EventDate "2015.01.11"]
[EventType "team-tourn"]
[EventRounds "7"]
[EventCountry "POL"]
[SourceTitle "EXT 2019"]
[Source "ChessBase"]
[SourceDate "2018.10.10"]
[SourceVersion "1"]
[SourceVersionDate "2018.10.10"]
[SourceQuality "1"]

1. e4 c5 2. Nf3 d6 3. d4 cxd4 4. Nxd4 Nf6 5. Nc3 a6 6. Be3 e6 7. Qd2 b5 8. f3 Bb7 9. g4 Nfd7 10. 0-0-0 Ne5 11. h3 b4 12. Na4 Qa5 13. b3 Nbd7 14. Kb1 Rc8 15. Rh2 Be7 16. f4 Nc6 17. Bd3 Nc5 18. Nxc6 Bxc6 19. Nxc5 dxc5 20. Bc4 0-0 21. e5 Bb5 22. Qe2 Rfd8 23. Rhh1 Qb6 24. g5 Bxc4 25. Qxc4 a5 26. Qe2 Qc6 27. Bc1 a4 28. h4 axb3 29. cxb3 c4 30. Qxc4 Qxc4 31. bxc4 Rxc4 32. Rxd8+ Bxd8 33. Rd1 Be7 34. Rd3 Kf8 35. Be3 1/2-1/2

[Event "Mazowiec-chT 1415"]
[Site "Warsaw"]
[Date "2015.02.15"]
[Round "4.3"]
[White "Wisniewski, Jacek"]
[Black "Czapla, Andrzej"]
[Result "0-1"]
[WhiteElo "1789"]
[BlackElo "1891"]
[PlyCount "76"]
[EventDate "2015.01.11"]
[EventType "team-tourn"]
[EventRounds "7"]
[EventCountry "POL"]
[SourceTitle "EXT 2019"]
[Source "ChessBase"]
[SourceDate "2018.10.10"]
[SourceVersion "1"]
[SourceVersionDate "2018.10.10"]
[SourceQuality "1"]

1. e4 c6 2. d4 d5 3. exd5 cxd5 4. Bd3 Nc6 5. c3 Qc7 6. Nd2 Nf6 7. Ne2 Bg4 8. 0-0 e6 9. Nb3 Bd6 10. h3 Bh5 11. Be3 Bg6 12. Re1 0-0 13. Rc1 Rac8 14. Qd2 Bxd3 15. Qxd3 Na5 16. Nxa5 Qxa5 17. a3 a6 18. Bf4 Qc7 19. Bxd6 Qxd6 20. f4 b5 21. f5 Ne4 22. Rf1 exf5 23. Rxf5 g6 24. Rf3 f5 25. Qe3 Rce8 26. Qf4 g5 27. Qxd6 Nxd6 28. Ng3 f4 29. Nh1 Re2 30. Rf2 Rfe8 31. Kf1 R2e3 32. Rf3 Rxf3+ 33. gxf3 Nc4 34. b3 Nd2+ 35. Kg2 Re2+ 36. Nf2 Nxb3 37. Rh1 h5 38. h4 g4 0-1

[Event "Krakow op-B 25th"]
[Site "Krakow"]
[Date "2014.12.28"]
[Round "2"]
[White "Wisniewski, Jacek"]
[Black "Pultorak, Jan"]
[Result "0-1"]
[WhiteElo "1789"]
[BlackElo "2053"]
[PlyCount "62"]
[EventDate "2014.12.27"]
[EventType "swiss"]
[EventRounds "9"]
[EventCountry "POL"]
[SourceTitle "CBM 164 Extra"]
[Source "ChessBase"]
[SourceDate "2015.03.02"]
[SourceVersion "1"]
[SourceVersionDate "2015.03.02"]
[SourceQuality "1"]

1. e4 c5 2. Nf3 d6 3. d4 cxd4 4. Nxd4 Nf6 5. Nc3 a6 6. Be3 e6 7. f3 b5 8. Qd2 Bb7 9. g4 Nfd7 10. g5 Nb6 11. h4 N8d7 12. h5 b4 13. Nd1 d5 14. Nf2 e5 15. 0-0-0 exd4 16. Bxd4 Nc4 17. Qf4 Bd6 18. e5 Ndxe5 19. Re1 0-0 20. Bxe5 Nxe5 21. Rxe5 Qc7 22. Ng4 Bxe5 23. Nxe5 Rfe8 24. Nd3 Qxf4+ 25. Nxf4 Re3 26. Bd3 Rxf3 27. Ne2 a5 28. Kd2 Ba6 29. Nd4 Rf4 30. Nc6 Bxd3 31. Kxd3 Kf8 0-1